|
|
|
|
| LEADER |
00000nab a2200000uu 4500 |
| 001 |
vtls011157097 |
| 003 |
SK-MaSNL |
| 005 |
20260303130022.0 |
| 008 |
230218|2005 xo |||||||||||||||||eng| |
| 015 |
|
|
|a SNBRB
|
| 035 |
|
|
|a (urnnbn)urn:nbn:sk:snk:ar-a0aefk
|
| 035 |
|
|
|a (uuid)a9a4f1de-0d1f-4199-8e57-00956ba5491c
|
| 035 |
|
|
|a urn:nbn:sk:snk-abb58a
|
| 040 |
|
|
|a SNKBUCL
|b slo
|c SNKBUCL
|e AACR2
|
| 041 |
0 |
|
|a eng
|
| 044 |
|
|
|a xo
|c SK
|
| 100 |
1 |
|
|a Šimonovičová, Jana
|4 aut
|9 217563
|
| 245 |
1 |
0 |
|a IMPROVING ACCESS TO ENVIRONMENTAL EDUCATION FOR DISABLED PEOPLE
|c Jana Šimonovičová, Katarína Kosková, Soňa Bognárová
|
| 700 |
1 |
|
|a Kosková, Katarína
|4 aut
|9 328548
|
| 700 |
1 |
|
|a Bognárová, Soňa
|4 aut
|9 674622
|
| 773 |
0 |
|
|t Environmental management for education and edification : an international journal for theory and practice in environmental management for education and edification
|g Roč. 2, č. 2 (2005), s. 40-60
|
| 958 |
|
|
|a OND
|
| 958 |
|
|
|a EUIPO
|
| 958 |
|
|
|a article14
|
| 999 |
|
|
|c 1937813
|d 1939743
|